书目信息 |
| 题名: |
艺术部落
|
|
| 作者: | 贾晓伟 文 ;蓝强 摄影 | |
| 分册: | ||
| 出版信息: | 北京 五洲传播出版社 2007.07 |
|
| 页数: | 119页 | |
| 开本: | 22cm | |
| 丛书名: | 时尚中国 | |
| 单 册: | ||
| 中图分类: | J12 | |
| 科图分类: | ||
| 主题词: | 艺术--yi shu--概况--中国--现代 | |
| 电子资源: | ||
| ISBN: | 978-7-5085-1083-5 | |
| 000 | 00837nam 2200277 450 | |
| 001 | 003615742 | |
| 005 | 20081009150213.29 | |
| 010 | @a978-7-5085-1083-5@dCNY26.00 | |
| 100 | @a20070327d2007 em y0chiy0110 ea | |
| 101 | 0 | @achi |
| 102 | @aCN@b110000 | |
| 105 | @aa z 000yy | |
| 200 | 1 | @a艺术部落@Ayi shu bu luo@f贾晓伟文@g蓝强等摄影 |
| 210 | @a北京@c五洲传播出版社@d2007.07 | |
| 215 | @a119页@c图 (部分彩图)@d22cm | |
| 225 | 2 | @a时尚中国@Ashi shang zhong guo |
| 330 | @a本书讲述了中国当代的艺术概况,涉及到影像、视觉、声音、舞台四个大方向。 | |
| 410 | 0 | @12001 @a时尚中国 |
| 510 | 1 | @aArt in China@zeng |
| 606 | 0 | @a艺术@Ayi shu@x概况@y中国@z现代 |
| 690 | @aJ12@v4 | |
| 701 | 0 | @a贾晓伟@Ajia xiao wei@4文 |
| 702 | 0 | @a蓝强@Alan qiang@4摄影 |
| 801 | 0 | @aCN@bNLC@c20081009 |
| 905 | @aZUCC@dJ12@eJ249 | |
| 999 | @aCYP | |
| 艺术部落/贾晓伟文/蓝强等摄影.-北京:五洲传播出版社,2007.07 |
| 119页:图 (部分彩图);22cm.-(时尚中国) |
| ISBN 978-7-5085-1083-5:CNY26.00 |
| 本书讲述了中国当代的艺术概况,涉及到影像、视觉、声音、舞台四个大方向。 |
| ● |
| 相关链接 |
|
|
|
正题名:艺术部落
索取号:J12/J249
 
预约/预借
| 序号 | 登录号 | 条形码 | 馆藏地/架位号 | 状态 | 备注 |
| 1 | 841322 | 208413224 | 社科库309/309社科库 65排4列4层/ [索取号:J12/J249] | 在馆 | |
| 2 | 841323 | 208413233 | 社科库309/309社科库 65排4列4层/ [索取号:J12/J249] | 在馆 | |
| 3 | 841324 | 208413242 | 社科库309/309社科库 65排4列4层/ [索取号:J12/J249] | 在馆 |